| 000 | 00796cam a2200265 a 4500 | ||
|---|---|---|---|
| 001 | 16797865 | ||
| 005 | 20180212031248.0 | ||
| 008 | 110526s2012 maua b 001 0 eng | ||
| 010 | _a 2011022339 | ||
| 020 | _a9780132539555 | ||
| 020 | _a0132539551 | ||
| 040 |
_aDLC _cDLC _dDLC |
||
| 041 | _aeng | ||
| 042 | _apcc | ||
| 043 | _an-us--- | ||
| 080 | _a658.45 bov | ||
| 082 | 0 | 0 |
_a658.45 bov _223 |
| 100 | 1 | _a52 | |
| 101 | _aBUS | ||
| 245 | 1 | 0 |
_aBusiness communication today / _cCourtland L. Bovee, John V. Thill. |
| 504 | _aIncludes bibliographical references and indexes. | ||
| 906 |
_a7 _bcbc _corignew _d1 _eecip _f20 _gy-gencatlg |
||
| 942 |
_2ddc _cBK |
||
| 999 |
_c42272 _d42272 |
||